000 00411nam a22001697a 4500
003 MPLRDC
005 20220104125258.0
008 210129b ||||| |||| 00| 0 eng d
082 _a857.9 SMZY-49 v.3
100 _a司马紫烟
245 _a剑情深(三)
_c
260 _a
_b毅力
_c
300 _b
490 _a司马紫烟小说专辑. 10
650 _a武侠小说
942 _cBK
_o857.9 SMZY-49 v.3
999 _c26089
_d26079